| 000 | 01556ngm a2200289 a 4500 | ||
|---|---|---|---|
| 005 | 20220317000612.0 | ||
| 008 | 160601s2002 ck g 000 0 und | ||
| 020 | _a9580804001 | ||
| 082 | 0 | 4 |
_a591.9861 _bA92 |
| 100 | 1 | _aRiaño La Rotta, Fernando | |
| 245 | 1 | 0 |
_aAves y peces del Orinoco _cFernando Riaño La Rotta _hVideocasete |
| 250 | _a1a. edición | ||
| 300 | _a1 videocasete (ca. 26 minutos) | ||
| 490 | _aExpediciones por Colombia | ||
| 520 | _aColombia posee la mayor diversidad de aves del mundo, y la Orinoquía es uno de los lugares del país donde se puede apreciar en pleno el espectáculo de sus cantos y plumajes multicolores. Corocoras, alcaravanes, garzas y espátulas, cientos de aves se congregan junto a los espejos de agua cuando las sabanas se inundan. Y allí también están los peces, escalares, curitos, mataguaras, pirañas; un completo ecosistema que vive con la llegada de las lluvias y mantiene la riqueza natural de nuestra nación | ||
| 650 | 1 | 4 |
_2LEMB _aAves _vVideocasetes _zOrinoco (Colombia) |
| 650 | 1 | 4 |
_2LEMB _aAves _vVideocasetes _xHábitos y conducta _zOrinoco (Colombia) |
| 650 | 1 | 4 |
_2LEMB _aAves _vVideocasetes _xClasificación _zOrinoco (Colombia) |
| 650 | 1 | 4 |
_2LEMB _aPeces _vVideocasetes _zOrinoquia (Región, Colombia) |
| 650 | 1 | 4 |
_2LEMB _aPeces _xClasificación |
| 942 |
_2ddc _cVIDEOCASET |
||
| 264 |
_aBogotá _bVideo Factory _c2002 |
||
| 336 |
_atexto _btxt _2rdacontent |
||
| 337 |
_asin mediación _bn _2rdamedia |
||
| 338 |
_avolumen _bnc _2rdacarrier |
||
| 040 |
_aCO-BoRNBP _bspa _erda _cCO-BoRNBP |
||
| 999 |
_c4529 _d4529 |
||